ARRUPE JESUIT UNIVERSITY

CORONAVIRUS -STOP THE SPREAD - CLEAN,DISINFECT,COVER

Light from the dark valley (Record no. 130558)

MARC details
000 -LEADER
fixed length control field 00478nam a22001457a 4500
008 - FIXED-LENGTH DATA ELEMENTS--GENERAL INFORMATION
fixed length control field 201028b ||||| |||| 00| 0 eng d
020 ## - INTERNATIONAL STANDARD BOOK NUMBER
International Standard Book Number 9780232520552
050 ## - LIBRARY OF CONGRESS CALL NUMBER
Classification number R726.8.C42
100 ## - MAIN ENTRY--PERSONAL NAME
Personal name Cassidy, Sheila
9 (RLIN) 10298
245 ## - TITLE STATEMENT
Title Light from the dark valley
Remainder of title reflections on suffering and the care of the dying
Statement of responsibility, etc Cassidy, Sheila
260 ## - PUBLICATION, DISTRIBUTION, ETC. (IMPRINT)
Place of publication, distribution, etc London
Name of publisher, distributor, etc Darton, Longman and Todd
Date of publication, distribution, etc 1994
300 ## - PHYSICAL DESCRIPTION
Extent xii, 131p. ;
Dimensions 20cm.
650 ## - SUBJECT ADDED ENTRY--TOPICAL TERM
Topical term or geographic name as entry element Hospice care
9 (RLIN) 50023
942 ## - ADDED ENTRY ELEMENTS (KOHA)
Source of classification or shelving scheme Library of Congress Classification
Item type Monograph ( Printed materials)
Holdings
Withdrawn status Lost status Source of classification or shelving scheme Damaged status Not for loan Collection code Home library Current library Shelving location Date acquired Total Checkouts Full call number Barcode Date last seen Price effective from Koha item type
    Library of Congress Classification     Main Collection ARRUPE LIBRARY ARRUPE LIBRARY Main Collection 28/10/2020   R726.8.C42 46600008111 28/10/2020 28/10/2020 Monograph ( Printed materials)

 

Arrupe Library. PO Box MP320 Mt Pleasant, Harare, Zimbabwe
263 242 745411|librarian@aju.ac.zw